Karty Clash Royale bez samogłosek #9 - Statystyki

Ogólne statystyki
  • Ten quiz został rozwiązany 5 razy
  • Średni wynik to 9 z 11
Statystyki odpowiedzi
Hint Odpowiedź % Poprawnych
BRBRN BRRL Barbarian Barrel
100%
FRCRCKR Firecracker
100%
GBLN CRS Goblin Curse
100%
MG KNGHT Mega Knight
100%
VLKR Valkyrie
100%
LXR CLLCTR Elixir Collector
80%
C SPTR Ice Spirit
80%
RL DLVR Royal Delivery
80%
BTS Bats
60%
VNS Vines
60%
RG Rage
20%
Nie znaleziono quizów pasujących do podanych kryteriów
Rozkład punktacji
Procent ludzi z każdym wynikiem
Percentyl według liczby udzielonych odpowiedzi
Twoja historia wyników
Nie rozwiązałeś tego quizu